[Event "EUSKADI 2011"]
[Site "Zornotza"]
[Date "2011.04.27"]
[Round "6"]
[White "Villalta Bustillo, Igor"]
[Black "Gomez Esteban, Juan Mario"]
[Result "1/2-1/2"]
[WhiteElo "2182"]
[BlackElo "2477"]
[EventDate "2011.04.23"]
[PlyCount "107"]

1.e4 c6 2.d4 d5 3.e5 Bf5 4.Nf3 e6 5.Be2 Ne7 6.Nbd2 c5 7.c3 Nec6 8.O-O Be7 
9.a3 a5 10.dxc5 Bxc5 11.Nb3 Be7 12.Nbd4 Bg6 13.Bf4 O-O 14.c4 Nxd4 15.Nxd4 
Nc6 16.cxd5 Qxd5 17.Nxc6 Qxc6 18.Bf3 Qb5 19.a4 Qxb2 20.Qc1 Qb4 21.Bd2 Qd4 
22.Qc7 Qxd2 23.Qxe7 Rab8 24.Rad1 Qf4 25.h4 Qxe5 26.Bxb7 Bc2 27.Ra1 Rfe8 
28.Qd7 Red8 29.Qc6 Bb3 30.Qf3 Bd5 31.Bxd5 Qxd5 32.Qe2 Rb4 33.Rad1 Rd4 34.
Rxd4 Qxd4 35.Qb5 Qd5 36.Qb6 h5 37.Rb1 g6 38.Qc7 Kg7 39.g3 Rd7 40.Qc8 Rd8 
41.Qc7 Rd7 42.Qc8 Qe4 43.Qxd7 Qxb1+ 44.Kh2 Qe4 45.Qb5 Qd5 46.Qb2+ Kh7 47.
Qb5 Qf5 48.Kg1 Kg7 49.Qb2+ e5 50.Qc3 Qb1+ 51.Kh2 Qf5 52.Kg1 Qb1+ 53.Kh2 
Qf5 54.Kg1 1/2-1/2

[Event "EUSKADI 2011"]
[Site "Zornotza"]
[Date "2011.04.27"]
[Round "6"]
[White "Guijarro Galan, Jose Luis"]
[Black "Prieto Aranguren, Alain"]
[Result "1/2-1/2"]
[WhiteElo "2206"]
[BlackElo "2219"]
[EventDate "2011.04.23"]
[PlyCount "73"]

1.e4 c6 2.f4 d5 3.Nf3 Bg4 4.Be2 dxe4 5.Ng5 Bxe2 6.Qxe2 Nf6 7.Nc3 e6 8.
Ngxe4 Nbd7 9.f5 e5 10.d3 Nxe4 11.Nxe4 Qc7 12.Bg5 Nc5 13.O-O-O Nxe4 14.dxe4
Be7 15.h4 h6 16.Be3 Qa5 17.Kb1 Rd8 18.Bd2 Bb4 19.Bxb4 Rxd1+ 20.Rxd1 Qxb4 
21.Qg4 O-O 22.f6 g6 23.h5 g5 24.a3 Qc4 25.Qf5 Qc5 26.Qd7 Qb5 27.Qe7 Rb8 
28.b3 Qe2 29.Rd8+ Rxd8 30.Qxd8+ Kh7 31.Qe7 Qxh5 32.Qxe5 Qd1+ 33.Kb2 Qd7 
34.Kc1 Kg6 35.Qe7 Qd4 36.e5 Qa1+ 37.Kd2 1/2-1/2

[Event "EUSKADI 2011"]
[Site "Zornotza"]
[Date "2011.04.27"]
[Round "6"]
[White "Wu Martin, Eneko"]
[Black "Alcaide Luque, Aitor"]
[Result "0-1"]
[WhiteElo "2136"]
[BlackElo "2192"]
[EventDate "2011.04.23"]
[PlyCount "64"]

1.e4 e6 2.d4 d5 3.e5 c5 4.c3 Nc6 5.Nf3 Bd7 6.Bd3 Qc7 7.a3 f6 8.Bf4 O-O-O 
9.b4 c4 10.Bc2 Nh6 11.Qd2 Nf7 12.exf6 Bd6 13.Bxd6 Qxd6 14.fxg7 Rhg8 15.a4 
Rxg7 16.g3 e5 17.Na3 exd4 18.O-O d3 19.Nb5 Qf6 20.Bd1 Kb8 21.Re1 h5 22.h4 
Nd6 23.Ng5 d4 24.cxd4 Nxd4 25.Nxd6 Qxd6 26.Qc3 Qd5 27.Re4 Bc6 28.Qxd4 Qxd4
29.Rxd4 Rxd4 30.Ne6 Rxh4 31.f3 Rxg3+ 32.Kf2 Rg8 0-1

[Event "EUSKADI 2011"]
[Site "Zornotza"]
[Date "2011.04.27"]
[Round "6"]
[White "Diaz Herrero, Alvaro"]
[Black "Arias Garcia, Luis Javier"]
[Result "1-0"]
[WhiteElo "2126"]
[BlackElo "2178"]
[EventDate "2011.04.23"]
[PlyCount "45"]

1.e4 d6 2.d4 g6 3.Nc3 Bg7 4.f4 Nf6 5.Nf3 O-O 6.Be3 Nbd7 7.e5 Ng4 8.Qd2 c5 
9.O-O-O Nxe3 10.Qxe3 cxd4 11.Rxd4 Qa5 12.Kb1 dxe5 13.fxe5 e6 14.Bb5 Qc7 
15.Bxd7 Bxd7 16.Ne4 Rfc8 17.Nf6+ Kh8 18.Rxd7 Qxc2+ 19.Ka1 Bxf6 20.exf6 
Qxg2 21.Rhd1 Qh3 22.Qd3 h6 23.Rxf7 1-0

[Event "EUSKADI 2011"]
[Site "Zornotza"]
[Date "2011.04.27"]
[Round "6"]
[White "Hernandez Perez, Jesus"]
[Black "Martin Alvarez, Iñigo"]
[Result "0-1"]
[WhiteElo "2040"]
[BlackElo "2316"]
[EventDate "2011.04.23"]
[PlyCount "130"]

1.e4 c5 2.Nf3 Nc6 3.g3 g6 4.Bg2 Bg7 5.O-O d6 6.Nc3 e5 7.d3 Nge7 8.Ne1 O-O 
9.f4 f5 10.Nf3 Kh8 11.Rb1 Be6 12.a3 Qd7 13.fxe5 Nxe5 14.Nxe5 dxe5 15.Be3 
Rac8 16.Qd2 b6 17.Rbe1 c4 18.Rd1 cxd3 19.Qxd3 Qxd3 20.cxd3 Rcd8 21.Rf2 h6 
22.h4 Kh7 23.Rfd2 f4 24.Bf2 g5 25.hxg5 hxg5 26.Rc1 g4 27.Nb5 Rd7 28.Rc7 
Rxc7 29.Nxc7 Bb3 30.d4 Rc8 31.Rd3 Bc4 32.Rc3 Rxc7 33.b3 exd4 34.Rxc4 Rxc4 
35.bxc4 f3 36.Bf1 Kg6 37.Be1 Bh6 38.Bb4 Nc6 39.Bd6 Be3+ 40.Kh2 Kf6 41.Bd3 
Ke6 42.c5 bxc5 43.Bxc5 Ne5 44.Bc2 a6 45.Bb3+ Kf6 46.Bd6 Nd3 47.Bc4 Nb2 48.
e5+ Kf5 49.Bb3 d3 50.e6 Bg5 51.e7 Bxe7 52.Bxe7 d2 53.Kg1 d1=Q+ 54.Bxd1 
Nxd1 55.Bc5 Ke4 56.Kf1 Kd3 57.Bb6 Nc3 58.Ba7 Ne4 59.Bb8 Kc4 60.Bf4 Kb3 61.
Bc1 a5 62.Ke1 a4 63.Kf1 Nxg3+ 64.Kf2 Ne4+ 65.Ke3 Kc2 0-1

[Event "EUSKADI 2011"]
[Site "Zornotza"]
[Date "2011.04.27"]
[Round "6"]
[White "Axpe Balenciaga, Iñigo"]
[Black "Diez Fraile, David"]
[Result "0-1"]
[WhiteElo "2115"]
[BlackElo "2165"]
[EventDate "2011.04.23"]
[PlyCount "84"]

1.d4 Nf6 2.c4 g6 3.Nc3 Bg7 4.e4 d6 5.f3 O-O 6.Be3 c5 7.dxc5 dxc5 8.Qxd8 
Rxd8 9.e5 Nfd7 10.f4 Nc6 11.O-O-O b6 12.Nf3 Bb7 13.Nd5 Rac8 14.Be2 f6 15.
exf6 Nxf6 16.Ng5 Nxd5 17.cxd5 Nd4 18.Bxd4 cxd4+ 19.Kd2 Bxd5 20.Bg4 Rc6 21.
Rhe1 Bf6 22.Be6+ Bxe6 23.Rxe6 Rxe6 24.Nxe6 Rd5 25.Kd3 Kf7 26.Re1 Rd6 27.
Nc7 b5 28.Re2 a6 29.g4 e6 30.f5 exf5 31.gxf5 gxf5 32.Ne8 Rd7 33.Nxf6 Kxf6 
34.Re8 Rd6 35.b3 Kg5 36.a4 bxa4 37.bxa4 Kf4 38.Re7 h6 39.Rf7 Kg4 40.a5 f4 
41.Ke4 d3 42.Rg7+ Kh3 0-1

[Event "EUSKADI 2011"]
[Site "Zornotza"]
[Date "2011.04.27"]
[Round "6"]
[White "Padilla Cabero, Pablo"]
[Black "Miguelez Garcia, Erlantz"]
[Result "1-0"]
[WhiteElo "2147"]
[BlackElo "1957"]
[EventDate "2011.04.23"]
[PlyCount "80"]

1.d3 c5 2.g3 Nc6 3.Bg2 g6 4.e4 Bg7 5.Nc3 d6 6.Be3 e5 7.Nd5 Nge7 8.c3 Nxd5 
9.exd5 Ne7 10.Ne2 Nf5 11.Bd2 Bd7 12.O-O O-O 13.Re1 Qc7 14.Rc1 Rae8 15.Qb3 
h6 16.a3 g5 17.Qa2 Bb5 18.Qb1 Bd7 19.d4 exd4 20.Be4 Qc8 21.f4 Ne3 22.cxd4 
f5 23.Bf3 gxf4 24.gxf4 c4 25.h3 Bf6 26.Rc3 Bh4 27.Rec1 Ng4 28.hxg4 Kh8 29.
g5 hxg5 30.fxg5 Bxg5 31.Bxg5 Rg8 32.Kf2 Rxg5 33.Rxc4 Qd8 34.Rh1+ Kg7 35.
Qc1 Qf6 36.Rc7 Re7 37.Qd2 Be8 38.Rxe7+ Qxe7 39.Nf4 Bf7 40.Re1 Qd8 1-0

[Event "EUSKADI 2011"]
[Site "Zornotza"]
[Date "2011.04.27"]
[Round "6"]
[White "Irure Crespo, Egoitz"]
[Black "Arce Balluerca, Jorge"]
[Result "1/2-1/2"]
[WhiteElo "2000"]
[BlackElo "2068"]
[EventDate "2011.04.23"]
[PlyCount "51"]

1.e4 d6 2.d4 Nf6 3.Nc3 g6 4.f3 Bg7 5.Be3 c6 6.Qd2 b5 7.O-O-O Qa5 8.Kb1 b4 
9.Nce2 Be6 10.Nc1 O-O 11.h4 c5 12.d5 Bc8 13.Bh6 Bxh6 14.Qxh6 e6 15.h5 Qc7 
16.hxg6 fxg6 17.e5 dxe5 18.d6 Qg7 19.Qe3 Nd5 20.Qxc5 Nd7 21.Qc6 Rb8 22.Bc4
Bb7 23.Qa4 N7b6 24.Qb3 Nxc4 25.Qxc4 Rfc8 26.Qg4 1/2-1/2

[Event "EUSKADI 2011"]
[Site "Zornotza"]
[Date "2011.04.27"]
[Round "6"]
[White "Urretavizcaya Merino, Asier"]
[Black "Agirretxe San Sebastian, Jesus"]
[Result "1/2-1/2"]
[WhiteElo "2120"]
[BlackElo "2165"]
[EventDate "2011.04.23"]
[PlyCount "114"]

1.e4 e5 2.Nc3 Bc5 3.Bc4 d6 4.d3 Nf6 5.Nge2 Bg4 6.h3 Bh5 7.g4 Bg6 8.Ng3 h5 
9.g5 h4 10.Nf5 Nh5 11.Nxh4 Nc6 12.Nd5 Qd7 13.Nxg6 fxg6 14.Qg4 Nd4 15.Kd1 
c6 16.c3 cxd5 17.cxd4 dxc4 18.dxc5 cxd3 19.Be3 Qf7 20.cxd6 O-O 21.b3 Rfd8 
22.Rc1 Rxd6 23.Kd2 Ra6 24.Ra1 Rd8 25.Rhc1 Qf8 26.Rc4 Qa3 27.Kc3 d2 28.Rc8 
Rd6 29.Rxd8+ Rxd8 30.Rd1 Nf4 31.Rxd2 Qa5+ 32.Kc2 Qxa2+ 33.Kc3 Qa5+ 34.Kc2 
Qc7+ 35.Kd1 Nd3 36.Ke2 Qc3 37.Qe6+ Kh7 38.Qc4 Nc1+ 39.Kf1 Rc8 40.Qxc3 Rxc3
41.Rd7 Nxb3 42.Rxb7 a5 43.Ra7 Rc4 44.f3 a4 45.Bb6 Nd4 46.Bxd4 exd4 47.Ra8 
d3 48.Ke1 Rd4 49.Kd2 Rb4 50.Kxd3 Rb3+ 51.Kd4 Rxf3 52.Rxa4 Rxh3 53.Ke5 Rb3 
54.Rc4 Rb5+ 55.Ke6 Kg8 56.Rc8+ Kh7 57.e5 Rxe5+ 1/2-1/2

[Event "EUSKADI 2011"]
[Site "Zornotza"]
[Date "2011.04.27"]
[Round "6"]
[White "Idiazabal Troyas, Aritz"]
[Black "Cendagortagalarza Rodriguez, Jo"]
[Result "0-1"]
[WhiteElo "1985"]
[BlackElo "1696"]
[EventDate "2011.04.23"]
[PlyCount "68"]

1.e4 c5 2.Nf3 d6 3.d4 cxd4 4.Nxd4 Nf6 5.Nc3 g6 6.Be3 Bg7 7.f3 O-O 8.Qd2 
Nc6 9.Bc4 Bd7 10.O-O-O Qb8 11.h4 b5 12.Ndxb5 Ne5 13.Be2 Rc8 14.g4 a6 15.
Nd4 Qb7 16.h5 Rab8 17.Nb3 a5 18.a4 Bxa4 19.hxg6 Bxb3 20.cxb3 hxg6 21.Bh6 
Bh8 22.Bf8 Nh5 23.gxh5 Kxf8 24.h6 Qxb3 25.h7 Ng4 26.e5 Ne3 27.exd6 Rxc3+ 
28.Kb1 Qc2+ 29.Qxc2 Rxc2 30.Bd3 Rbxb2+ 31.Ka1 Ra2+ 32.Kb1 Rcb2+ 33.Kc1 
Ra1+ 34.Bb1 Raxb1# 0-1

[Event "EUSKADI 2011"]
[Site "Zornotza"]
[Date "2011.04.28"]
[Round "7"]
[White "Astasio Lopez, David"]
[Black "Gonzalez De La Torre, Santiago"]
[Result "0-1"]
[WhiteElo "2330"]
[BlackElo "2425"]
[EventDate "2011.04.23"]
[PlyCount "84"]

1.d4 d5 2.Nf3 Nf6 3.Nbd2 e6 4.e3 c5 5.c3 Nc6 6.Bd3 Qc7 7.O-O Bd7 8.Qe2 
O-O-O 9.a4 Kb8 10.b3 e5 11.dxe5 Nxe5 12.Nxe5 Qxe5 13.Bb2 Re8 14.Rae1 Bg4 
15.f3 Bd6 16.g3 Bh3 17.Rf2 Qg5 18.c4 d4 19.Be4 Nxe4 20.Nxe4 Qg6 21.Nxd6 
Rxe3 22.Qd1 Rxe1+ 23.Qxe1 Qxd6 24.Bc1 Ka8 25.Bf4 Qb6 26.g4 Qxb3 27.Re2 
Qxa4 28.Re7 g5 29.Bxg5 a5 30.Rxb7 Kxb7 31.Qe7+ Kb6 32.Qf6+ Qc6 33.Qxh8 a4 
34.Kf2 Qd6 35.Qc8 Qxh2+ 36.Ke1 Qe5+ 37.Kd1 Qxg5 38.Qb8+ Kc6 39.Qe8+ Kd6 
40.Qf8+ Qe7 41.Qh6+ f6 42.Qxh3 d3 0-1

[Event "EUSKADI 2011"]
[Site "Zornotza"]
[Date "2011.04.28"]
[Round "7"]
[White "Argandoña Riveiro, Iñigo"]
[Black "Franco Alonso, Alejandro"]
[Result "1-0"]
[WhiteElo "2389"]
[BlackElo "2489"]
[EventDate "2011.04.23"]
[PlyCount "75"]

1.Nf3 Nf6 2.c4 b6 3.g3 Bb7 4.Bg2 e6 5.O-O Be7 6.Nc3 O-O 7.Re1 d5 8.cxd5 
exd5 9.d4 Na6 10.Bf4 c6 11.Rc1 Nc7 12.Bxc7 Qxc7 13.Ne5 c5 14.Nd3 Rfd8 15.
e3 c4 16.Ne5 a6 17.f4 b5 18.g4 Ne8 19.g5 b4 20.Ne2 f6 21.gxf6 gxf6 22.Ng4 
Nd6 23.Ng3 Kh8 24.Nh6 Bf8 25.Nhf5 Nxf5 26.Nxf5 Qf7 27.Kh1 Bc8 28.Bh3 a5 
29.Rg1 a4 30.Rg2 a3 31.bxa3 Rxa3 32.Qe1 Bxf5 33.Bxf5 Be7 34.Qh4 Raa8 35.
Qh3 b3 36.axb3 Ba3 37.Rcg1 cxb3 38.Rg7 1-0

[Event "EUSKADI 2011"]
[Site "Zornotza"]
[Date "2011.04.28"]
[Round "7"]
[White "Huerga Leache, Mikel"]
[Black "Limeres Guiance, Cristobal"]
[Result "1-0"]
[WhiteElo "2440"]
[BlackElo "2255"]
[EventDate "2011.04.23"]
[PlyCount "55"]

1.Nf3 Nf6 2.c4 e6 3.g3 d5 4.d4 Bb4+ 5.Bd2 a5 6.Qc2 dxc4 7.Qxc4 Qd5 8.Qxc7 
Nc6 9.Nc3 Bxc3 10.Bxc3 Nb4 11.Bxb4 axb4 12.Bg2 O-O 13.O-O Rd8 14.Ne5 Qxd4 
15.Qxf7+ Kh8 16.Qc7 Rf8 17.Rad1 Qxb2 18.Rd8 Bd7 19.Rxf8+ Rxf8 20.Nxd7 Nxd7
21.Qxd7 Qxa2 22.Qe7 Rb8 23.Qd6 Qa7 24.Qxb4 b5 25.Be4 Qc7 26.Bd3 Qe5 27.Qh4
h6 28.Rb1 1-0

[Event "EUSKADI 2011"]
[Site "Zornotza"]
[Date "2011.04.28"]
[Round "7"]
[White "Prieto Aranguren, Alain"]
[Black "Villalta Bustillo, Igor"]
[Result "1/2-1/2"]
[WhiteElo "2219"]
[BlackElo "2182"]
[EventDate "2011.04.23"]
[PlyCount "80"]

1.d4 d5 2.c4 e6 3.Nc3 c5 4.cxd5 exd5 5.Nf3 Nc6 6.g3 Nf6 7.Bg2 Be7 8.O-O 
O-O 9.Bg5 c4 10.Ne5 Be6 11.Nxc6 bxc6 12.b3 Qa5 13.Qc2 Rad8 14.Rfd1 c5 15.
bxc4 cxd4 16.Nxd5 Nxd5 17.cxd5 Bxg5 18.dxe6 fxe6 19.Be4 h6 20.Rab1 Bf6 21.
Rb7 Rb8 22.Rdb1 Rxb7 23.Bxb7 Qe5 24.Bc8 Bd8 25.Qg6 Bf6 26.Ba6 Rb8 27.Rxb8+
Qxb8 28.Bd3 Qd8 29.f4 Qd7 30.g4 e5 31.Bc4+ Kf8 32.f5 e4 33.Qh7 Ke7 34.Qg8 
Qc6 35.Bd5 Qe8 36.Qe6+ Kf8 37.Qxe4 Qxe4 38.Bxe4 Ke7 39.Kf1 Kd6 40.Ke1 Bg5 
1/2-1/2

[Event "EUSKADI 2011"]
[Site "Zornotza"]
[Date "2011.04.28"]
[Round "7"]
[White "Gomez Esteban, Juan Mario"]
[Black "Diaz Herrero, Alvaro"]
[Result "1/2-1/2"]
[WhiteElo "2477"]
[BlackElo "2126"]
[EventDate "2011.04.23"]
[PlyCount "112"]

1.d4 Nf6 2.c4 c5 3.d5 e6 4.Nc3 exd5 5.cxd5 d6 6.e4 g6 7.h3 Bg7 8.Nf3 O-O 
9.Bd3 b5 10.Bxb5 Nxe4 11.Nxe4 Qa5+ 12.Nfd2 Qxb5 13.Nxd6 Qa6 14.N2c4 Nd7 
15.O-O Nb6 16.Nxb6 Qxb6 17.Nxc8 Raxc8 18.Rb1 Rfd8 19.Bf4 Qb7 20.d6 Bf8 21.
Qd3 Bxd6 22.Bxd6 Rc6 23.Rfd1 Rcxd6 24.Qxd6 Rxd6 25.Rxd6 c4 26.Rd2 c3 27.
Rc2 Qe4 28.Rbc1 cxb2 29.Rxb2 h5 30.Rbc2 Qa4 31.Re2 h4 32.Rce1 a5 33.Rb1 
Kg7 34.Rb3 Qd4 35.Rbe3 Qd1+ 36.Re1 Qc2 37.a3 Qa4 38.Rf3 f5 39.Rc3 Kh6 40.
Re6 Kh5 41.Re1 Qd4 42.Rec1 Qa4 43.Kh1 Qd4 44.Re3 Qd2 45.Rf1 Qd4 46.Kg1 Qa4
47.Rc1 Qd4 48.Rec3 Qa4 49.Re1 Qd4 50.Rce3 Qa4 51.g3 hxg3 52.Rxg3 Qd7 53.
Rge3 Qd2 54.R1e2 Qd1+ 55.Re1 Qd2 56.R1e2 Qd1+ 1/2-1/2

[Event "EUSKADI 2011"]
[Site "Zornotza"]
[Date "2011.04.28"]
[Round "7"]
[White "Alcaide Luque, Aitor"]
[Black "Guijarro Galan, Jose Luis"]
[Result "0-1"]
[WhiteElo "2192"]
[BlackElo "2206"]
[EventDate "2011.04.23"]
[PlyCount "63"]

1.d4 d5 2.c4 e6 3.Nc3 Nf6 4.Bg5 c6 5.e3 Nbd7 6.Nf3 Qa5 7.Nd2 dxc4 8.Bxf6 
Nxf6 9.Nxc4 Qc7 10.Bd3 Bd6 11.f4 Nd5 12.O-O Bd7 13.e4 Nxc3 14.bxc3 b5 15.
Ne5 Bxe5 16.fxe5 c5 17.Qh5 O-O 18.d5 c4 19.Bc2 Rae8 20.Rae1 g6 21.Qg5 exd5
22.exd5 Qc5+ 23.Kh1 Qxd5 24.h4 Qe6 25.Re4 Bc6 26.Rf6 Qd7 27.Rd6 f6 28.Qg3 
Qc7 29.Rg4 Rxe5 30.Bxg6 Qxd6 31.Bxh7+ Kf7 32.Rd4 0-1

[Event "EUSKADI 2011"]
[Site "Zornotza"]
[Date "2011.04.28"]
[Round "7"]
[White "Martin Alvarez, Iñigo"]
[Black "Padilla Cabero, Pablo"]
[Result "1-0"]
[WhiteElo "2316"]
[BlackElo "2147"]
[EventDate "2011.04.23"]
[PlyCount "69"]

1.e4 d6 2.d4 f5 3.Nc3 Nf6 4.Bd3 fxe4 5.Nxe4 Nc6 6.Nxf6+ exf6 7.Ne2 d5 8.c3
Bd6 9.O-O O-O 10.Nf4 g5 11.Nxd5 Bxh2+ 12.Kxh2 Qxd5 13.f4 g4 14.Qb3 Be6 15.
Qxd5 Bxd5 16.f5 Rfe8 17.Bh6 Kh8 18.Kg3 Rad8 19.b3 Be4 20.Bxe4 Rxe4 21.Rae1
Rde8 22.Rxe4 Rxe4 23.Rf4 Re3+ 24.Kf2 Rxc3 25.Rxg4 Rd3 26.Bg7+ Kg8 27.Bxf6+
Kf7 28.Be5 Nxe5 29.dxe5 Rd2+ 30.Kf3 Rxa2 31.e6+ Kf8 32.f6 Ra6 33.Re4 Ke8 
34.f7+ Ke7 35.Rf4 1-0

[Event "EUSKADI 2011"]
[Site "Zornotza"]
[Date "2011.04.28"]
[Round "7"]
[White "Diez Fraile, David"]
[Black "Arias Garcia, Luis Javier"]
[Result "0-1"]
[WhiteElo "2165"]
[BlackElo "2178"]
[EventDate "2011.04.23"]
[PlyCount "84"]

1.e4 c5 2.Nf3 Nc6 3.d4 cxd4 4.Nxd4 g6 5.Nc3 Bg7 6.Be3 Nf6 7.Nb3 O-O 8.Be2 
d6 9.f4 a6 10.O-O b5 11.Bf3 Bd7 12.Rb1 Rc8 13.Rf2 Qc7 14.a3 Rfd8 15.Nd5 
Nxd5 16.exd5 Na5 17.Nxa5 Qxa5 18.c3 Qc7 19.Qd2 a5 20.Re1 Re8 21.g4 Qc4 22.
Be2 Qb3 23.Bd1 Qc4 24.f5 b4 25.cxb4 axb4 26.Rf4 Qa2 27.fxg6 hxg6 28.Rxb4 
Rb8 29.Bb6 Be5 30.Rf1 Rec8 31.Qf2 Be8 32.g5 Rc1 33.Be3 Rxb4 34.Bxc1 Bd4 
35.axb4 Bxf2+ 36.Rxf2 Qxd5 37.Bd2 e5 38.Bf3 Qc4 39.Bc3 Bc6 40.Bxc6 Qxc6 
41.Rf6 Qd5 42.Rf1 Qe4 0-1

[Event "EUSKADI 2011"]
[Site "Zornotza"]
[Date "2011.04.28"]
[Round "7"]
[White "Agirretxe San Sebastian, Jesus"]
[Black "Axpe Balenciaga, Iñigo"]
[Result "0-1"]
[WhiteElo "2165"]
[BlackElo "2115"]
[EventDate "2011.04.23"]
[PlyCount "100"]

1.d4 d6 2.Nf3 Bg4 3.Nbd2 g6 4.h3 Bxf3 5.Nxf3 Bg7 6.e3 Nf6 7.b3 O-O 8.Bb2 
c6 9.Be2 Nbd7 10.O-O Qc7 11.c4 Rfd8 12.Qc2 Rac8 13.Rfd1 Nf8 14.b4 N6d7 15.
Rac1 a5 16.a3 axb4 17.axb4 b6 18.Qb3 e5 19.b5 Ra8 20.bxc6 Qxc6 21.Ra1 Rxa1
22.Rxa1 h6 23.Ra6 Qc8 24.Qa2 Ne6 25.Ra7 exd4 26.exd4 Nf4 27.Bf1 Rf8 28.Qa4
Nf6 29.Qb5 Qe6 30.Qxb6 Qf5 31.Qxd6 Ne4 32.Qa3 Rb8 33.Ra8 Rxa8 34.Qxa8+ Bf8
35.Bc1 Nxh3+ 36.gxh3 Qxf3 37.Be3 g5 38.Bg2 Qd1+ 39.Kh2 Nc3 40.f3 Qe1 41.
Qe8 Nd1 42.c5 Nxe3 43.Qe4 Qf2 44.f4 gxf4 45.Qf3 Qxg2+ 46.Qxg2+ Nxg2 47.
Kxg2 Kg7 48.Kf3 Kf6 49.Kxf4 Ke6 50.h4 Bg7 0-1

[Event "EUSKADI 2011"]
[Site "Zornotza"]
[Date "2011.04.28"]
[Round "7"]
[White "Miguelez Garcia, Erlantz"]
[Black "Urretavizcaya Merino, Asier"]
[Result "1/2-1/2"]
[WhiteElo "1957"]
[BlackElo "2120"]
[EventDate "2011.04.23"]
[PlyCount "21"]

1.d4 Nf6 2.c4 e6 3.Nf3 b6 4.g3 Bb7 5.Bg2 Be7 6.O-O O-O 7.Nc3 d5 8.Ne5 c5 
9.Bg5 cxd4 10.Qxd4 h6 11.Bxf6 1/2-1/2

[Event "EUSKADI 2011"]
[Site "Zornotza"]
[Date "2011.04.28"]
[Round "7"]
[White "Cendagortagalarza Rodriguez, Jo"]
[Black "Irure Crespo, Egoitz"]
[Result "0-1"]
[WhiteElo "1696"]
[BlackElo "2000"]
[EventDate "2011.04.23"]
[PlyCount "136"]

1.e4 c6 2.d4 d5 3.f3 Qb6 4.c3 e5 5.a4 a5 6.exd5 cxd5 7.Bb5+ Nc6 8.Ne2 exd4
9.Nxd4 Nf6 10.O-O Be6 11.Be3 Qc7 12.Re1 Bd6 13.Kh1 O-O 14.Nxe6 fxe6 15.Bg1
Rae8 16.Nd2 Nh5 17.Nf1 Rf6 18.Qd2 Rh6 19.Qf2 Ng3+ 20.Nxg3 Bxg3 21.Qb6 
Rxh2+ 22.Bxh2 Qxb6 23.Bxg3 Qd8 24.Kg1 Qg5 25.Kf2 h5 26.Re2 h4 27.Bd6 e5 
28.Rae1 e4 29.Bc5 Qg3+ 30.Kf1 h3 31.gxh3 Qxh3+ 32.Rg2 Qxf3+ 33.Kg1 g6 34.
Rf1 Qh5 35.Be2 Qh4 36.Rxg6+ Kh7 37.Rg4 Rg8 38.Rf7+ Kh8 39.Rf4 Qe1+ 40.Bf1 
Rxg4+ 41.Rxg4 e3 42.Rg2 Kh7 43.Re2 Qg3+ 44.Bg2 Ne5 45.Rxe3 Qg5 46.Rh3+ Kg6
47.Bf2 Qc1+ 48.Kh2 Qxb2 49.Bd4 Qe2 50.Kg1 Qe1+ 51.Bf1 Ng4 52.Kg2 Qd2+ 53.
Kg1 Kg5 54.Bd3 Qf4 55.Be2 Qd2 56.Kf1 Qf4+ 57.Kg2 Qe4+ 58.Bf3 Qc2+ 59.Kg3 
Nf6 60.Be3+ Kg6 61.Rh6+ Kf7 62.Bd4 Ne4+ 63.Kf4 Qd2+ 64.Be3 Qxc3 65.Bh5+ 
Ke7 66.Rh7+ Kf8 67.Rf7+ Kg8 68.Ba7 Qg3+ 0-1

[Event "EUSKADI 2011"]
[Site "Zornotza"]
[Date "2011.04.28"]
[Round "7"]
[White "Idiazabal Troyas, Aritz"]
[Black "Hernandez Perez, Jesus"]
[Result "1-0"]
[WhiteElo "1985"]
[BlackElo "2040"]
[EventDate "2011.04.23"]
[PlyCount "93"]

1.e4 c5 2.Nf3 d6 3.d4 cxd4 4.Nxd4 Nf6 5.Nc3 g6 6.Be3 Bg7 7.f3 O-O 8.Qd2 
Nc6 9.Bc4 Bd7 10.O-O-O Rc8 11.Bb3 Nxd4 12.Bxd4 b5 13.Kb1 a5 14.a4 b4 15.
Nb5 Bxb5 16.axb5 Qc7 17.h4 h5 18.g4 e5 19.Be3 Rfd8 20.Bh6 Rb8 21.Rdg1 Kh7 
22.Bg5 Rg8 23.Qe2 Qa7 24.Ba4 Bh8 25.Rg2 Kg7 26.Qd2 Qd4 27.Bxf6+ Kxf6 28.
Qg5+ Ke6 29.Bb3+ Kd7 30.Bxf7 Rgf8 31.Qxg6 hxg4 32.Rxg4 a4 33.Qe6+ Kc7 34.
Qe7+ Kb6 35.Rg6 Rfd8 36.Bd5 a3 37.Rxd6+ Ka5 38.Qc7+ Rb6 39.Qa7+ Kxb5 40.
Bc6+ Rxc6 41.Rxd4 exd4 42.Rg1 axb2 43.Rg5+ Kc4 44.Qf7+ Kc3 45.Qb3+ Kd2 46.
Qd3+ Ke1 47.Rg2 1-0